000 00449nam a2200145Ia 4500
003 OSt
005 20260129112411.0
008 211028s2018 xx 000 0 und d
040 _cAIMIT LIBRARY
041 _aeng
100 _aPrakash K J, Kiran; D Souza, Leston.
_g1616087
_97843
245 _aStudy on employee satisfaction with the performance appraisal system at pee key steels /
260 _aMangalore
_bP V Sumitha.
_c2018
942 _2ddc
_cPRO
999 _c219411
_d219411